000
00405nam a2200145Ia 4500
008
090124s9999 xx 000 0 und d
082
_b
303541
245
_a
सहज मोह पडे
250
_a
1
260
_b
भारद्वाज मंदाकिनी
_c
1998
300
_a
176
630
_a
सहज मोह पडे
730
_a
सहज मोह पडे
942
_c
BOOK
999
_c
193178
_d
193178